000 01028nam0a2200289 4500
001 RU\NLR\ONL1\12919
005 20250613121519.0
035 _a(NLR Aleph) 009641663
090 _a9548616
_c9548616
100 _a20080116d1940 |||y0rusy50 ca
101 0 _amyv
102 _aRU
105 _aa |||||||||
200 1 _aЭрзянь келень грамматика
_eп.1
_eфонетика ды морфология
_eсред. шк. 5-6 кл. тонавтнема кн.
_fМ. Я. Талабаев
205 _a2-це изд.
210 _aМ.
_cУчпедгиз
_d1940
215 _a152 с.
_cил.
_d23
541 1 _aГрамматика эрзянского языка
_zrus
606 0 _aЭрзянский язык
_91650160
_3RU\NLR\auth\66730328
686 1 _aШ166.311-922
700 1 _aТалабаев
_bМ. Я.
_gМихаил Яковлевич
_4070
801 0 _aRU
_bNLR
_c20080116
_gPSBO
852 _aNLR
_bОНЛ
_jМорд.э./3-1048
942 _cBOOK
980 _aNB